Bài tập lập trình Turbo Pascal 7.0 : Dùng cho sinh viên và học sinh phổ thông; học sinh chuyên tin
Sách cung cấp 199 bài tập cơ bản về lập trình trên Turbo Pascal có lời giải mẫu; 125 bài tập nâng cao dùng luyện phần lập trình; 25 bài tập từ các đề thi Olympic Tin học 1999; sau cùng, sách giới thiệu 8 bài toán thường dùng trong khoa học và ki...
Đã lưu trong:
| Hovedforfatter: | |
|---|---|
| Format: | Bog |
| Sprog: | Undetermined |
| Udgivet: |
Hà Nội
Giao Thông Vận Tải
1999
|
| Fag: | |
| Tags: |
Tilføj Tag
Ingen Tags, Vær først til at tagge denne postø!
|
| Thư viện lưu trữ: | Trung tâm Học liệu Trường Đại học Cần Thơ |
|---|
| LEADER | 01055nam a2200205Ia 4500 | ||
|---|---|---|---|
| 001 | CTU_34164 | ||
| 008 | 210402s9999 xx 000 0 und d | ||
| 082 | |a 005.133076 | ||
| 082 | |b T120 | ||
| 100 | |a Bùi, Thế Tâm | ||
| 245 | 0 | |a Bài tập lập trình Turbo Pascal 7.0 : | |
| 245 | 0 | |b Dùng cho sinh viên và học sinh phổ thông; học sinh chuyên tin | |
| 245 | 0 | |c Bùi Thế Tâm | |
| 260 | |a Hà Nội | ||
| 260 | |b Giao Thông Vận Tải | ||
| 260 | |c 1999 | ||
| 520 | |a Sách cung cấp 199 bài tập cơ bản về lập trình trên Turbo Pascal có lời giải mẫu; 125 bài tập nâng cao dùng luyện phần lập trình; 25 bài tập từ các đề thi Olympic Tin học 1999; sau cùng, sách giới thiệu 8 bài toán thường dùng trong khoa học và kinh tế | ||
| 650 | |a Pascal ( computer programs ),Programming languages ( electronic computers ) | ||
| 904 | |i Qhieu | ||
| 980 | |a Trung tâm Học liệu Trường Đại học Cần Thơ | ||